00437 a2200157 4500010001400000020002300014035001300037037001500050082001300065100001700078245004300095260004000138270005800178300002400236500001900260 aENG-88401 a8178801973c600.00 aEN-71934 bDBAD / PUB14a338.47911 aPruthi, R.K.1 aNature based tourism/cby R.K. Pruthi aNew DelhibRajat Publicationsc2006 a4675/21, Ansari Road, Darya Ganj,bNew Dehlie110 002 av, 270p.c22cm (Hb) aIncludes index